000 00322 a2200157 4500
001 160455
020 _a
040 _cMagnum
100 _aBorges, Rogerio
240 1 0 _aO mar de mariana
_lpor
245 1 0 _aO mar de mariana
362 0 _a1899
440 1 _aScipione
697 _aI/AVENTURA, CRIANCAS
942 _cBK
999 _c160455
_d160455